00429nam a2200145Ia 4500003000400000008004100004040001600045082001300061100002100074245008300095260004300178300001000221650003100231650002100262GCL140319s9999 xx 000 0 eng d aGCL / cGCL04a425bR G1 aROSENBAUM, PETER10aTHE GRAMMAR OF ENGLISH PREDICATE COMPLEMENT CONSTRUCTIONS / cROSENBAUM, PETER a[S.N] : bRESEARCH MONOGRAPH ، c1967 a128 P04aENGLISH LANGUAGE - GRAMMAR04aENGLISH LANGUAGE